000 00434nam a2200169Ia 4500
003 GCL
008 140319s9999 xx 000 0 ara d
040 _aGCL /
_cGCL
082 0 4 _a812
_bع ع
100 1 _aعلى سالم
245 1 0 _aعملية نوح (مسرحية) /
_cعلى سالم
300 _a104 ص
490 _a
650 0 4 _aالادب العربى
650 0 4 _aالمسرحيات العربية
942 _2ddc
_cBK
999 _c45682
_d45682